An introduction to geographical information systems

Guardat en:
Dades bibliogràfiques
Autors principals: Heywood, Ian (Autor), Cornelius, Sarah (Autor), Carver, Steve (Autor)
Format: Llibre
Idioma:anglès
Publicat: Upper Saddle River Prentice-Hall 1998
Matèries:
Etiquetes: Afegir etiqueta
Sense etiquetes, Sigues el primer a etiquetar aquest registre!

MARC

LEADER 00000nam a2200000 a 4500
001 UCM1257
003 CL-VaPUC
008 020328e19980000US |||||||||||||||||eng|d
082 0 4 |a 910.285  |b HEY  |2 21 
100 |a Heywood, Ian  |e author  |9 567643 
700 0 |a Cornelius, Sarah  |e author  |9 468288 
700 0 |a Carver, Steve  |e author  |9 468289 
245 1 3 |a An introduction to geographical information systems 
300 |a 279 p 
942 |c BK 
945 |d 20020328 00:00:00  |a cmena 
260 |a Upper Saddle River  |b Prentice-Hall  |c 1998 
650 0 |a Sistemas de información geográfica   |9 466572 
650 7 |a GEOGRAFIA - AUTOMATIZACION  |2 CL-VaPUC  |9 466740 
650 0 |a Proceso de datos   |9 259776 
650 0 |a Bases de datos   |9 260577 
583 |a last modification  |c 20130307 02:42:23  |k Rodrigo Vera 
999 |c 299848  |d 299846 
952 |0 0  |1 0  |4 0  |6 910_285000000000000_HEY_1998  |7 0  |8 CCM  |9 356833  |a BIBCUR  |b BIBCUR  |d 2019-11-21  |i 3801888  |o 910.285 HEY 1998  |p 3801888  |r 2025-04-22  |w 2019-11-21  |y BK  |k RNT